[Event "40th Olympiad Open"]
[Site "Istanbul TUR"]
[Date "2012.09.04"]
[Round "7.55"]
[White "Izijk,J"]
[Black "Luxama,Jacques"]
[Result "1-0"]
[WhiteElo "2066"]
[BlackElo "1964"]

1.d4 d5 2.Nf3 Nf6 3.c4 e6 4.Nc3 c6 5.e3 Bd6 6.Bd3 Nbd7 7.O-O O-O 8.b3 Qe7
9.Qc2 Re8 10.e4 dxe4 11.Nxe4 Nxe4 12.Bxe4 Nf6 13.Bg5 h6 14.Bh4 g5 15.Bg3 Kg7
16.Bxd6 Qxd6 17.Rad1 Qf4 18.Rfe1 Bd7 19.g3 Qg4 20.Ne5 Qh3 21.Bg2 Qf5 22.Qe2 Rad8
23.Rd3 g4 24.f3 h5 25.Rf1 Qg5 26.fxg4 hxg4 27.Rf4 Kf8 28.Rd1 Ke7 29.Rdf1 Ng8
30.Nxf7 Qh5 31.Nxd8 Kxd8 32.Rf8 Nh6 33.Rxe8+ Kxe8 34.d5 cxd5 35.Bxd5 Ke7
36.Bxb7 Nf5 37.Qe5 Qg5 38.Rf4 Kd8 39.Be4 Qh5 40.Bd3 Qh3 41.Bxf5 exf5 42.Qd6 Qh5
43.Rd4 Qe8 44.Kf2 Kc8 45.Qxd7+ Qxd7 46.Rxd7 Kxd7 47.Ke3  1-0

[Event "40th Olympiad Open"]
[Site "Istanbul TUR"]
[Date "2012.09.04"]
[Round "7.2"]
[White "Sargissian,G"]
[Black "Bu Xiangzhi"]
[Result "1/2-1/2"]
[WhiteElo "2693"]
[BlackElo "2670"]

1.d4 d5 2.c4 c6 3.Nc3 Nf6 4.e3 e6 5.Nf3 a6 6.b3 Bb4 7.Bd2 O-O 8.Bd3 Nbd7
9.O-O Bd6 10.Re1 h6 11.h3 Re8 12.Qc2 e5 13.cxd5 Nxd5 14.Nxd5 cxd5 15.dxe5 Nxe5
16.Nxe5 Bxe5 17.Bc3 Bxc3 18.Qxc3 Qg5 19.Kf1 Bf5 20.Bxf5 Qxf5 21.Rac1 Rac8
22.Qd2 Qe5 23.Kg1 g6 24.Red1 h5 25.a4 Rc6 26.Rxc6 bxc6 27.Rc1 Rb8 28.Rc3 c5
29.Rxc5 Rxb3 30.Qd1 Ra3 31.Rxd5 Qa1 32.Qxa1 Rxa1+ 33.Kh2 Rxa4 34.g4 hxg4
35.hxg4 Rxg4  1/2-1/2

[Event "40th Olympiad Open"]
[Site "Istanbul TUR"]
[Date "2012.09.04"]
[Round "7.61"]
[White "Gauci,J"]
[Black "Dineley,R"]
[Result "1-0"]
[WhiteElo "2133"]
[BlackElo "2259"]

1.d4 d5 2.Nf3 Nf6 3.c4 c6 4.Nc3 e6 5.e3 a6 6.Qc2 c5 7.cxd5 exd5 8.Be2 Nc6
9.a3 cxd4 10.exd4 Be7 11.O-O O-O 12.Bg5 Be6 13.Rfd1 Rc8 14.Rac1 h6 15.Bh4 Na5
16.Ne5 b5 17.f3 Nc4 18.Nxc4 bxc4 19.f4 Qd7 20.Bf3 Rfe8 21.Re1 Bf5 22.Qa4 Qxa4
23.Nxa4 Be4 24.Bxe4 dxe4 25.Nc3 Bd8 26.Rcd1 Ba5 27.Bxf6 Bxc3 28.bxc3 gxf6
29.Rb1 f5 30.Kf2 Kg7 31.Rb4 Red8 32.Reb1 Rd5 33.Ke3 Ra5 34.a4 Rc6 35.g3 Kh7
36.Rg1 h5 37.h3 Kh6 38.g4 fxg4 39.hxg4 hxg4 40.Rxg4 f5 41.Rg5 Kh7 42.Kf2 Kh6
43.Ke2 Kh7 44.Ke3 Kh6 45.Rb8 Kh7 46.Rf8 Rxa4 47.Rfxf5 Ra3 48.d5 Rxc3+ 49.Kxe4 Rc8
50.Rg2 Rd3  1-0

[Event "40th Olympiad Open"]
[Site "Istanbul TUR"]
[Date "2012.09.04"]
[Round "7.59"]
[White "Efimov,Ig"]
[Black "Al Zendani,Z"]
[Result "1/2-1/2"]
[WhiteElo "2416"]
[BlackElo "2363"]

1.d4 Nf6 2.c4 e6 3.Nc3 d5 4.Nf3 c6 5.e3 Bd6 6.Qc2 Nbd7 7.g4 Nxg4 8.Rg1 Nxh2
9.Nxh2 Bxh2 10.Rxg7 Bd6 11.Bd2 Qf6 12.Rxh7 Rxh7 13.Qxh7 Nf8 14.Qc2 Qf3 15.Qd1 Qxd1+
16.Kxd1 f5 17.cxd5 exd5 18.Bd3 Nh7 19.Ke2 Kf7 20.Rh1 Nf6 21.f3 Be6 22.Kf2 Rg8
23.Ne2 Rg7 24.a3 Rh7 25.Rxh7+ Nxh7 26.Ng3 Kf6 27.Kg2 Ng5 28.Ne2 Bd7 29.Be1 Nf7
30.Bh4+ Kg6 31.Bg3 Bxg3 32.Kxg3 Kg5 33.Kf2 Nd8 34.Nf4 Ne6 35.Nxe6+ Bxe6 36.Kg3 Bd7
37.Bf1 Be8 38.b4 Bd7 39.Be2 Be8 40.a4 a6 41.a5 Bd7 42.Bf1 Be6 43.Bh3 Bf7
44.e4 dxe4 45.fxe4 fxe4 46.Bc8 Bc4 47.Bxb7 Bb5 48.Bc8 e3 49.Bd7 Kf6 50.d5 Ke7
51.dxc6 Kd6 52.Bg4 Kxc6 53.Kf3 Bc4 54.Kxe3 Kb5 55.Ke4  1/2-1/2

[Event "40th Olympiad Women"]
[Site "Istanbul TUR"]
[Date "2012.09.04"]
[Round "7.12"]
[White "Voiska,M"]
[Black "Dedijer,M"]
[Result "1-0"]
[WhiteElo "2281"]
[BlackElo "1981"]

1.d4 d5 2.Nf3 Nf6 3.c4 c6 4.Nc3 e6 5.e3 Be7 6.Qc2 O-O 7.b3 b6 8.Bb2 Ba6 9.Bd3 Nbd7
10.O-O Rc8 11.e4 dxe4 12.Nxe4 Nxe4 13.Bxe4 Nf6 14.Bd3 h6 15.Rad1 Qc7 16.Qe2 Rfd8
17.Ne5 c5 18.dxc5 Qxc5 19.Rfe1 Rd6 20.Bb1 Rcd8 21.Nd3 Qa5 22.Qf3 R6d7 23.Re5 Bb7
24.Qh3 Qb4 25.Rde1 Qd6 26.R5e3 Bf8 27.Bxf6 gxf6 28.Rg3+ Kh8 29.Qg4  1-0

[Event "40th Olympiad Women"]
[Site "Istanbul TUR"]
[Date "2012.09.04"]
[Round "7.23"]
[White "Ordaz Valdes,L"]
[Black "Ziaziulkina,N"]
[Result "1/2-1/2"]
[WhiteElo "2344"]
[BlackElo "2342"]

1.d4 d5 2.c4 c6 3.e3 Nf6 4.Nc3 e6 5.Nf3 Nbd7 6.Qc2 Bd6 7.Be2 O-O 8.O-O dxc4
9.Bxc4 b5 10.Bd3 Bb7 11.a3 a5 12.e4 e5 13.dxe5 Nxe5 14.Nxe5 Bxe5 15.h3 Re8
16.Be3 Qc7 17.Rac1 Rad8 18.Rfd1 h6 19.Ne2 Bd6 20.Nd4 Bh2+ 21.Kh1 Bf4 22.Nxb5 cxb5
23.Qxc7 Bxc7 24.Rxc7 Bxe4 25.Rc3 b4 26.axb4 axb4 27.Rb3 Rd5 28.Rd2 Red8 29.Bxe4 Rxd2
30.Bxd2 Rxd2  1/2-1/2

[Event "40th Olympiad Open"]
[Site "Istanbul TUR"]
[Date "2012.09.04"]
[Round "7.16"]
[White "Delchev,A"]
[Black "Smeets,J"]
[Result "0-1"]
[WhiteElo "2596"]
[BlackElo "2608"]

1.d4 d5 2.c4 c6 3.Nc3 Nf6 4.e3 e6 5.Nf3 Nbd7 6.Bd3 dxc4 7.Bxc4 b5 8.Bd3 Bb7
9.O-O a6 10.e4 c5 11.d5 Qc7 12.dxe6 fxe6 13.Bc2 Bd6 14.Ng5 Nf8 15.f4 h6 16.e5 O-O-O
17.Nf7 Qxf7 18.exd6 Qd7 19.Be3 Qc6 20.Qe2 Rxd6 21.Rac1 N8d7 22.a4 b4 23.Nb1 Nd5
24.Be4 Qxa4 25.Bxc5 Nxc5 26.Rxc5+ Kb8 27.Nd2 Rc8 28.Rxc8+ Bxc8 29.Nc4 Qb5
30.Bd3 Qc5+ 31.Kh1 Rd8 32.Ne5 a5 33.Qf3 Bb7 34.Be4 Qd4 35.b3 Qc3 36.Rd1 Qxf3
37.Bxf3 Kc7 38.Nc4 a4 39.bxa4 Rf8 40.Na5 Rxf4 41.Rc1+ Kb6 42.Nxb7 Kxb7 43.Rc5 Ka6
44.Rb5 Rf7 45.Be2 Ka7 46.Kg1 Nc3 47.Ra5+ Kb6 48.Ra6+ Kb7 49.Rxe6 Nxe2+ 50.Rxe2 Ka6  0-1

[Event "World Youth U16 Olympiad 2012"]
[Site "Istanbul TUR"]
[Date "2012.09.04"]
[Round "9.13"]
[White "Chau,Bernard"]
[Black "Gundogan,C"]
[Result "0-1"]
[WhiteElo "1985"]
[BlackElo "2012"]

1.d4 d5 2.c4 c6 3.Nc3 Nf6 4.e3 e6 5.Nf3 Nbd7 6.Qc2 Bd6 7.g4 h6 8.Bd2 b6 9.cxd5 exd5
10.Bd3 Bb7 11.Nh4 Nxg4 12.Nf5 Bf8 13.Rg1 Nxh2 14.O-O-O g6 15.Rh1 Nf3 16.Ng3 Qf6
17.Nce2 Nxd2 18.Rxd2 O-O-O 19.e4 Kb8 20.e5 Qe7 21.Nf4 h5 22.Nh3 h4 23.Nf1 c5
24.Kb1 cxd4 25.f4 Rc8 26.Qd1 Nc5 27.Rhh2 Bh6 28.Bc2 Ne6 29.Rdf2 Rc7 30.Nd2 Rhc8
31.Nb3 Ba6 32.Nxd4 Nxd4 33.Qxd4 Qc5 34.Qxc5 Rxc5 35.a3 Rxc2 36.Rxc2 Bd3 37.Kc1 Rxc2+  0-1

[Event "11th Kesarovski-Stanchev Mem"]
[Site "Sunny Beach BUL"]
[Date "2012.09.04"]
[Round "4.14"]
[White "Enchev,I"]
[Black "Galicek,S"]
[Result "1-0"]
[WhiteElo "2397"]
[BlackElo "2164"]

1.d4 d5 2.c4 c6 3.Nf3 Nf6 4.Nc3 e6 5.e3 Nbd7 6.Qc2 Bd6 7.Be2 O-O 8.O-O dxc4
9.Bxc4 e5 10.h3 Re8 11.Ng5 Rf8 12.Qb3 Qe7 13.Rd1 exd4 14.exd4 h6 15.Nf3 Nb6
16.Re1 Qc7 17.Bd3 Nbd5 18.a3 Be6 19.Qc2 Bf4 20.Ne5 Bxc1 21.Raxc1 Nf4 22.Bf1 Rfd8
23.Qd2 N4d5 24.Na4 Rd6 25.Nc5 Nb6 26.Qf4 Bd5 27.Bd3 Nh5 28.Qf5 g6 29.Qg4 Kg7
30.Qh4 Re8 31.Nxg6 Rxe1+ 32.Rxe1  1-0

[Event "11th Kesarovski-Stanchev Mem"]
[Site "Sunny Beach BUL"]
[Date "2012.09.04"]
[Round "4.47"]
[White "Ivelinov,H"]
[Black "Kolev,E"]
[Result "1-0"]
[WhiteElo "2233"]
[BlackElo "1902"]

1.d4 d5 2.c4 c6 3.Nf3 Nf6 4.Nc3 e6 5.e3 Be7 6.Qc2 Nbd7 7.Bd2 h6 8.g4 dxc4
9.Bxc4 b5 10.Be2 Bb7 11.g5 hxg5 12.Nxg5 Nf8 13.Bf3 Qd7 14.O-O-O Rc8 15.Kb1 c5
16.Qb3 a6 17.dxc5 Bxf3 18.Nxf3 Qd3+ 19.Ka1 Rxc5 20.Be1 Qc4 21.Qc2 N8d7 22.Rd4 Nd5
23.Rxc4 Rxc4 24.Qd1 N5b6 25.Rg1 g6 26.b3 Rc7 27.Ne4 Rh5 28.Nfg5 Ba3 29.Bc3 Nd5
30.Bb2 Be7 31.Nf3 a5 32.Ng3 Rh7 33.Qd3 Rb7 34.Rc1 Kd8 35.Ne5 Bf6 36.Nc6+ Ke8
37.Bxf6  1-0

[Event "FSGM Sept 2012"]
[Site "Budapest HUN"]
[Date "2012.09.05"]
[Round "5.3"]
[White "Flumbort,A"]
[Black "Todorovic,GM"]
[Result "1/2-1/2"]
[WhiteElo "2503"]
[BlackElo "2502"]

1.d4 d5 2.c4 e6 3.Nc3 c6 4.e3 Nf6 5.Nf3 Nbd7 6.Qc2 Bd6 7.Bd3 O-O 8.O-O dxc4
9.Bxc4 a6 10.Rd1 Qe7 11.Ne4 Nxe4 12.Qxe4 e5 13.dxe5 Nxe5 14.Nxe5 Qxe5 15.Qxe5  1/2-1/2

[Event "FSIM Sept 2012"]
[Site "Budapest HUN"]
[Date "2012.09.05"]
[Round "5.4"]
[White "Szeberenyi,A"]
[Black "Sadilek,P"]
[Result "1-0"]
[WhiteElo "2354"]
[BlackElo "2262"]

1.d4 Nf6 2.c4 e6 3.Nf3 d5 4.Nc3 c6 5.e3 Nbd7 6.Qc2 b6 7.Bd3 Bb7 8.cxd5 cxd5
9.O-O Be7 10.Ne5 Nxe5 11.dxe5 Nd7 12.f4 g6 13.b3 Rc8 14.Bb2 O-O 15.Qd2 f6
16.Nb5 a5 17.Nd4 Bb4 18.Qe2 Qe7 19.Nf3 Bc3 20.Rac1 Bxb2 21.Qxb2 fxe5 22.Nxe5 Qf6
23.Rxc8 Rxc8 24.Qd4 Nc5 25.Rc1 Nxd3 26.Rxc8+ Bxc8 27.Qxd3 Qd8 28.Qc3 Ba6
29.Ng4 Qh4 30.Nf6+ Kf7 31.Qc7+  1-0

[Event "40th Olympiad Women"]
[Site "Istanbul TUR"]
[Date "2012.09.05"]
[Round "8.61"]
[White "Barria,R"]
[Black "Pustovoitova,D"]
[Result "1/2-1/2"]
[WhiteElo "1946"]
[BlackElo "2294"]

1.d4 d5 2.c4 c6 3.Nf3 Nf6 4.Nc3 e6 5.e3 Nbd7 6.Qc2 Bd6 7.b3 O-O 8.Be2 Re8
9.O-O dxc4 10.bxc4 e5 11.h3 exd4 12.exd4 Nf8 13.Be3 Ng6 14.Rab1 Qa5 15.c5 Bf4
16.Bxf4 Nxf4 17.Rfe1 g6 18.Qb3 Nxe2+ 19.Rxe2 Be6 20.Qb4 Qxb4 21.Rxb4 Re7
22.Reb2 Nd5 23.Nxd5 Bxd5 24.Ne5 b5 25.cxb6 c5 26.b7 Rb8 27.Rb5 Rbxb7 28.Rxb7 Bxb7
29.dxc5 Rxe5 30.Rxb7 Rxc5 31.Rxa7 Rc1+ 32.Kh2 h5 33.h4 Rc3 34.a4 Kg7 35.a5 Ra3
36.a6 Kf6 37.Ra8 Kg7 38.g3 Ra2 39.Kg2 Ra3 40.a7 Kh7  1/2-1/2

[Event "40th Olympiad Open"]
[Site "Istanbul TUR"]
[Date "2012.09.05"]
[Round "8.24"]
[White "Al Sayed,Mohamad"]
[Black "Blagojevic,Dr"]
[Result "1-0"]
[WhiteElo "2517"]
[BlackElo "2514"]

1.d4 d5 2.c4 e6 3.Nc3 c6 4.e3 Nf6 5.Nf3 Nbd7 6.Qc2 b6 7.Bd3 Bb7 8.O-O Be7
9.Rd1 Qc7 10.b3 h6 11.Bb2 Rd8 12.Rac1 O-O 13.Qe2 Rfe8 14.Ne5 dxc4 15.Nxc4 c5
16.e4 Qb8 17.e5 Nd5 18.Nxd5 Bxd5 19.Ne3 Bc6 20.Bb1 Nf8 21.dxc5 Bxc5 22.b4 Bxe3
23.Rxc6 Rxd1+ 24.Qxd1 Rd8 25.Rd6 Bg5 26.Kf1 Rc8 27.a3 Qc7 28.Rd3 Qc4 29.Qb3 Qxb3
30.Rxb3 Bc1 31.Bc3 Ng6 32.Ke2 Bf4 33.Bxg6 fxg6 34.h4 Rc4 35.Kd3 b5 36.g3 Bc1
37.Kc2 Bf4 38.gxf4 Rxf4 39.Kd3 Rxf2 40.Bd4 Rf3+ 41.Be3  1-0

[Event "40th Olympiad Women"]
[Site "Istanbul TUR"]
[Date "2012.09.05"]
[Round "8.16"]
[White "Cori T.,D"]
[Black "Borosova,Z"]
[Result "1/2-1/2"]
[WhiteElo "2413"]
[BlackElo "2280"]

1.d4 d5 2.Nf3 Nf6 3.c4 c6 4.Nc3 e6 5.e3 Nbd7 6.Bd3 dxc4 7.Bxc4 b5 8.Be2 Bb7
9.O-O Be7 10.Qc2 O-O 11.e4 b4 12.Na4 c5 13.e5 Nd5 14.Bd3 g6 15.Bh6 Re8 16.dxc5 Qc7
17.Bb5 Rec8 18.Qe2 a6 19.Bxd7 Qxd7 20.Nb6 Nxb6 21.cxb6 Bd5 22.Rfc1 Qb7 23.Qe3 Bd8
24.Qf4 Bxf3 25.gxf3 Rxc1+ 26.Rxc1 Qxb6 27.Rd1 Qb5 28.Rc1 Qb7 29.h4 Be7 30.h5 Rc8
31.Rd1 Rd8 32.Rd6 a5 33.Bg5 Bxg5 34.Qxg5 Ra8 35.f4 Qc8 36.f5 exf5 37.e6 Qc4
38.e7 Re8 39.Rd8 Qc6 40.h6 f6 41.Rxe8+ Kf7 42.Qd2 Qxe8 43.Qd5+ Kxe7 44.Qxa5 Qb8
45.Qc5+ Kf7 46.Qd5+ Ke7 47.Qc5+ Kf7 48.Qc4+ Ke7 49.Qd5 Qd6 50.Qb7+ Ke6 51.Qxh7 Qd1+
52.Kg2 Qg4+ 53.Kf1 Qd1+ 54.Kg2 Qg4+ 55.Kf1 Qd1+ 56.Kg2 Qg4+  1/2-1/2

[Event "40th Olympiad Open"]
[Site "Istanbul TUR"]
[Date "2012.09.05"]
[Round "8.35"]
[White "Cori,J"]
[Black "Stefansson,H"]
[Result "1-0"]
[WhiteElo "2487"]
[BlackElo "2515"]

1.d4 d5 2.c4 c6 3.Nc3 Nf6 4.e3 e6 5.Nf3 Nbd7 6.Qc2 Bd6 7.Bd3 O-O 8.O-O dxc4
9.Bxc4 b5 10.Be2 Bb7 11.Rd1 Qc7 12.e4 e5 13.Bg5 Rfe8 14.Rac1 a6 15.dxe5 Nxe5
16.Bxf6 Nxf3+ 17.Bxf3 gxf6 18.g3 Rad8 19.Bg4 Qe7 20.Qe2 Kh8 21.Bf5 Bc8 22.Nd5 Qe5
23.Bxc8 Rxc8 24.Ne3 Bf8 25.Rd7 Qxe4 26.Rxf7 Bh6 27.Rxf6 Bxe3 28.Qxe3 Qxe3
29.fxe3 Rxe3 30.Kf2 Rce8 31.Rc2 R3e6 32.Rxe6 Rxe6 33.b4 Re4 34.a3 Re6 35.Kf3 Kg7
36.Kf4 Kf6 37.Rc3 Rd6 38.Ke4 Ke7 39.g4 Re6+ 40.Kf5 Rf6+ 41.Kg5 Re6 42.h4 Kf7
43.Rd3 Ke7 44.Rf3 Rd6 45.Kh5 Re6 46.g5 Rd6 47.Rf4 Re6 48.Kg4 h6 49.Rf3 hxg5
50.hxg5 c5 51.bxc5 Rc6 52.Rf5 a5 53.Kh5 Rc8 54.g6 Ke6 55.Kg5 b4 56.axb4 axb4
57.c6  1-0

[Event "40th Olympiad Open"]
[Site "Istanbul TUR"]
[Date "2012.09.05"]
[Round "8.62"]
[White "Oliveira,Luciano"]
[Black "Boydia,Sidi"]
[Result "1/2-1/2"]
[WhiteElo "2208"]
[BlackElo "2024"]

1.d4 d5 2.Nf3 Nf6 3.c4 c6 4.Nc3 e6 5.e3 Nbd7 6.Bd3 dxc4 7.Bxc4 b5 8.Bd3 a6
9.a4 Bb7 10.O-O b4 11.Nb1 c5 12.Nbd2 Be7 13.Qe2 O-O 14.Nc4 cxd4 15.exd4 Nb6
16.Nce5 a5 17.Be3 Bd5 18.Nd2 Qc7 19.Rfc1 Qb7 20.Bb5 Rfc8 21.Rxc8+ Qxc8 22.Qd1 Qb7
23.Rc1 Rc8 24.f3 Ne8 25.Rxc8 Qxc8 26.Ne4 Nd6 27.Bd3 f6 28.Nxd6 Bxd6 29.Ng4 Qc6
30.Bb5 Qc7 31.h3 b3 32.Bd2 Nc4 33.Bc3 h5 34.Bxc4 Qxc4 35.Ne3 Qxa4 36.Nxd5 exd5
37.Qe1 Kf7 38.Qf1 Bb4 39.Qd3 Bxc3 40.Qxc3 Qc4 41.Qxa5 Qxd4+ 42.Kh1 Qxb2 43.Qxd5+ Kg6
44.g4 Qb1+ 45.Kg2 Qc2+ 46.Kh1 hxg4 47.hxg4 f5 48.gxf5+ Kg5 49.f6+ Kxf6 50.Qd6+ Kf5
51.Qf8+ Kg6 52.Qe8+ Kg5 53.Qe5+ Kh6 54.Qe6+ g6 55.Qe3+ Kh5 56.Qe5+ g5 57.Qh8+ Kg6
58.Qe8+ Kf5 59.Qf7+ Ke5 60.Qg7+ Kf4 61.Qf6+ Kg3 62.Qxg5+ Kxf3 63.Qh5+ Ke3
64.Qg5+ Kd3 65.Qf5+ Kd2 66.Qf4+ Kd1 67.Qf1+ Kd2 68.Qf4+ Kc3 69.Qe5+ Kb4 70.Qe7+ Qc5
71.Qe1+ Kb5 72.Qf1+ Qc4 73.Qf5+ Kb4 74.Qf8+ Kc3 75.Qf6+ Kc2 76.Qf5+ Kb2 77.Qe5+ Qc3
78.Qe2+ Qc2 79.Qe5+ Kb1 80.Qb5 b2 81.Qb6 Qc3 82.Qb5 Kc2 83.Qe2+ Kb3 84.Qb5+ Qb4
85.Qd3+ Ka2 86.Qa6+ Qa3 87.Qc4+ Kb1 88.Qf1+ Ka2 89.Qc4+ Ka1 90.Qd4 Qg3 91.Qxb2+ Kxb2  1/2-1/2

[Event "40th Olympiad Open"]
[Site "Istanbul TUR"]
[Date "2012.09.05"]
[Round "8.59"]
[White "Ferster,F"]
[Black "Sanon,M"]
[Result "1-0"]
[WhiteElo "2144"]
[BlackElo "2088"]

1.d4 d5 2.c4 e6 3.Nc3 Nf6 4.Nf3 c6 5.e3 Nbd7 6.Qc2 Bd6 7.g4 Nxg4 8.Rg1 Qf6
9.Be2 Nxh2 10.Nxh2 Bxh2 11.Rg2 Bd6 12.Bd2 g6 13.O-O-O a6 14.Kb1 b5 15.cxd5 exd5
16.e4 Qxd4 17.exd5 c5 18.Ne4 Be5 19.Bc3 Qa4 20.b3 Qa3 21.Bxe5 Nxe5 22.Qc3 f6
23.Nxf6+ Kf7 24.Qxe5 Bf5+ 25.Bd3 Rhe8 26.Nxe8 Rxe8 27.Qxe8+ Kxe8 28.Bxf5 gxf5
29.d6  1-0

[Event "40th Olympiad Open"]
[Site "Istanbul TUR"]
[Date "2012.09.05"]
[Round "8.43"]
[White "Samhouri,A"]
[Black "Qureshi,M"]
[Result "0-1"]
[WhiteElo "2373"]
[BlackElo "2190"]

1.d4 d5 2.c4 c6 3.Nc3 Nf6 4.Nf3 e6 5.e3 Nbd7 6.Qc2 Bd6 7.Bd3 O-O 8.O-O Qe7
9.c5 Bc7 10.e4 dxe4 11.Nxe4 Nxe4 12.Bxe4 h6 13.Re1 Rd8 14.Bd2 Nf6 15.Rad1 Nxe4
16.Qxe4 Rd5 17.Bf4 Qd8 18.Bxc7 Qxc7 19.Ne5 b6 20.b4 Ba6 21.Rc1 Bb5 22.cxb6 axb6
23.Nxc6 Bxc6 24.b5 Rxb5 25.Rxc6 Qd8 26.Rd6 Qxd6 27.Qxa8+ Kh7 28.Qb7 Qxd4
29.Qxf7 Rf5 30.Qxe6 Qxf2+ 31.Kh1  0-1

[Event "14th Trieste Open A"]
[Site "Trieste ITA"]
[Date "2012.09.05"]
[Round "6"]
[White "Jovanic,O"]
[Black "Bosiocic,Mari"]
[Result "1/2-1/2"]
[WhiteElo "2511"]
[BlackElo "2577"]

1.d4 Nf6 2.c4 e6 3.Nf3 d5 4.Nc3 c6 5.e3 Nbd7 6.Qc2 Bd6 7.Bd3 dxc4 8.Bxc4 b5
9.Be2 O-O 10.O-O Bb7 11.Rd1 Qb8 12.b3 Rc8 13.Ne4 Nxe4 14.Qxe4 c5 15.Qh4 c4
16.e4 Nf8 17.e5 Ng6 18.Qg4 Bf8 19.h4 Bd5 20.h5 Ne7 21.bxc4 bxc4 22.h6 g6
23.Ba3 Rc6 24.Rab1 Qd8 25.Qg5 Ra6 26.Qc1 Nf5 27.Bxf8 Qxf8 28.Rb2 Qxh6 29.g4 c3
30.Rc2 Qh3 31.gxf5 Bxf3 32.Bxf3 Qxf3 33.fxe6 Qg4+ 34.Kf1 Qh3+ 35.Kg1 Qg4+
36.Kf1 fxe6 37.Rd3 Qe4 38.Rdxc3 Qh1+ 39.Ke2 Qxc1 40.Rxc1 Rxa2+ 41.Ke3 Rf8
42.f4 Ra6 43.Ke4 h5 44.Rc6 Rxc6 45.Rxc6 Re8 46.Ra6 Re7 47.d5 exd5+ 48.Kxd5 Kg7
49.Ke4 Rb7 50.Kf3 Rc7 51.Ke4 Rb7 52.Kf3 Rf7 53.Ke4 h4 54.e6 Rb7 55.Kf3 h3
56.Kg3 Rb3+ 57.Kh2 Kf6 58.Rxa7 Kxe6 59.Ra5 Rc3  1/2-1/2

[Event "40th Olympiad Open"]
[Site "Istanbul TUR"]
[Date "2012.09.06"]
[Round "9.17"]
[White "Banikas,H"]
[Black "Al Sayed,Mohamad"]
[Result "1/2-1/2"]
[WhiteElo "2623"]
[BlackElo "2517"]

1.d4 d5 2.c4 c6 3.Nf3 Nf6 4.Nc3 e6 5.e3 Nbd7 6.Qc2 Bd6 7.Bd3 O-O 8.O-O dxc4
9.Bxc4 a6 10.Rd1 b5 11.Bd3 Qc7 12.Bd2 c5 13.dxc5 Qxc5 14.a4 bxa4 15.Rxa4 Bb7
16.Ne4 Nxe4 17.Bxe4 Bxe4 18.Qxe4 Nf6 19.Qc4 Rfb8 20.Bc3 Nd5 21.Bd4 Qxc4 22.Rxc4 Rc8
23.Rxc8+ Rxc8 24.Kf1 Bb4 25.Ne5 f6 26.Nd3 Be7 27.e4 Nb4 28.Bc3 Nxd3 29.Rxd3 Rc7
30.Ke2 Kf7 31.f4 Bc5 32.f5 exf5 33.exf5 Rb7 34.Rd5 Bb4 35.Bd4 a5 36.Kd3 a4
37.Kc4 a3 38.bxa3  1/2-1/2

[Event "40th Olympiad Open"]
[Site "Istanbul TUR"]
[Date "2012.09.06"]
[Round "9.7"]
[White "Mareco,S"]
[Black "Sedlak,N"]
[Result "1/2-1/2"]
[WhiteElo "2589"]
[BlackElo "2549"]

1.d4 d5 2.c4 c6 3.Nc3 Nf6 4.e3 e6 5.Nf3 Nbd7 6.Qc2 Bd6 7.Be2 O-O 8.O-O dxc4
9.Bxc4 b5 10.Bd3 Bb7 11.a3 a5 12.e4 e5 13.dxe5 Nxe5 14.Nxe5 Bxe5 15.h3 Re8
16.Be3 Qc7 17.Rac1 Rad8 18.Rfd1 Bh2+ 19.Kh1 Bf4 20.Qd2 Bxe3 21.Qxe3 Qe5 22.f4 Qd4
23.Qf3 b4 24.Bb1 Qa7 25.Rxd8 Rxd8 26.Na4 c5 27.Nxc5 Ba8 28.axb4 axb4 29.Qe2 g6
30.Qf2 Rc8 31.Rc2 b3 32.Nxb3 Qxf2 33.Rxf2 Bxe4 34.Bxe4  1/2-1/2

[Event "40th Olympiad Open"]
[Site "Istanbul TUR"]
[Date "2012.09.06"]
[Round "9.31"]
[White "Urkedal,F"]
[Black "Lapidus,M"]
[Result "1-0"]
[WhiteElo "2473"]
[BlackElo "2129"]

1.d4 d5 2.c4 c6 3.Nc3 Nf6 4.e3 e6 5.Nf3 Nbd7 6.Qc2 Bd6 7.Bd3 O-O 8.O-O dxc4
9.Bxc4 a6 10.Bd3 c5 11.Rd1 Qc7 12.h3 h6 13.Qe2 b5 14.Bd2 cxd4 15.exd4 Bb7
16.Rac1 Qb6 17.Ne5 Qxd4 18.Nxd7 Nxd7 19.Be3 Qh4 20.Bb1 Be5 21.Rxd7 Bc6 22.Rd2 b4
23.Nd1 Rfc8 24.Rdc2 Bb7 25.Rxc8+ Bxc8 26.Qf3 Rb8 27.Ba7  1-0

[Event "9th LGA Premium Cup"]
[Site "Nuernberg GER"]
[Date "2012.09.06"]
[Round "1.11"]
[White "Kunin,V"]
[Black "Stein,Marco"]
[Result "1-0"]
[WhiteElo "2511"]
[BlackElo "2149"]

1.d4 d5 2.c4 c6 3.Nf3 Nf6 4.Nc3 e6 5.e3 Nbd7 6.Qc2 Bd6 7.Bd3 O-O 8.O-O dxc4
9.Bxc4 e5 10.h3 h6 11.Bb3 Qe7 12.Nh4 Re8 13.Nf5 Qf8 14.Bd2 exd4 15.exd4 Nb6
16.Nxh6+  1-0

[Event "9th LGA Premium Cup"]
[Site "Nuernberg GER"]
[Date "2012.09.06"]
[Round "1.78"]
[White "Hoefelsauer,T"]
[Black "Hirschberg,L"]
[Result "1-0"]
[WhiteElo "2217"]
[BlackElo "1726"]

1.Nf3 d5 2.d4 Nf6 3.c4 e6 4.Nc3 c6 5.e3 Nbd7 6.Bd3 Be7 7.O-O O-O 8.b3 Qc7
9.Bb2 dxc4 10.bxc4 e5 11.Qc2 exd4 12.exd4 h6 13.Rfe1 Bb4 14.a3 Bxc3 15.Qxc3 Nb6
16.a4 Be6 17.Ne5 Nbd7 18.h3 Rfe8 19.Bc2 c5 20.d5 Nxe5 21.Rxe5 Bd7 22.Qg3 Qb6
23.Rb1 Qd8 24.Rxe8+ Bxe8 25.Re1 b6 26.Qd3 g6 27.Qc3 Kg7 28.Rxe8  1-0

[Event "40th Olympiad Open"]
[Site "Istanbul TUR"]
[Date "2012.09.07"]
[Round "10.3"]
[White "Sargissian,G"]
[Black "Smeets,J"]
[Result "1/2-1/2"]
[WhiteElo "2693"]
[BlackElo "2608"]

1.d4 d5 2.c4 c6 3.Nc3 Nf6 4.e3 e6 5.Nf3 Nbd7 6.Qc2 b6 7.Bd3 Bb7 8.O-O dxc4
9.Bxc4 c5 10.dxc5 Bxc5 11.e4 a6 12.Bg5 h6 13.Bh4 g5 14.Bg3 Nh5 15.Rfd1 Nxg3
16.hxg3 Qf6 17.Qa4 Qe7 18.Ne5 b5 19.Bxb5 axb5 20.Qxb5 Bc8 21.Qc6 Rb8 22.Rd2 Bb6
23.Rad1 O-O 24.Nxd7 Bxd7 25.Qxd7 Qf6 26.Qd3 Ba5 27.Qe3 Rfc8 28.Rc2 Rc4 29.Rd3 Rbc8
30.Qf3 Qe5 31.Rd7 Rf8 32.Rd3 Bxc3 33.Rcxc3 Rxe4 34.Re3 Rxe3 35.Qxe3 Qd5 36.Kh2 Qxa2
37.b4 Qa6 38.f4 Qb5 39.Rc5 Qxb4 40.fxg5 Kh7 41.Qd3+ Kh8 42.Qd6 Rg8 43.Qe5+ Kh7
44.Qf6 Rxg5 45.Rxg5 hxg5 46.Qxf7+ Kh6 47.Qf6+ Kh5 48.Qxe6 Qg4 49.Qf7+ Kh6
50.Qf6+ Kh7 51.Qf3 Qe6 52.Qh5+ Kg7 53.Qxg5+ Kh7 54.Qf4 Kg8 55.g4 Qg6 56.Qb8+ Kg7
57.Qe5+ Kg8 58.Qd5+ Kg7 59.g5 Qe8 60.Qd4+ Kg6 61.Qf6+ Kh5 62.Qf4 Qe6 63.Qf6 Qe4
64.Kg3 Qg4+ 65.Kf2 Qg3+ 66.Kxg3  1/2-1/2

[Event "40th Olympiad Open"]
[Site "Istanbul TUR"]
[Date "2012.09.07"]
[Round "10.77"]
[White "Mueller,Oli"]
[Black "Nezad,H"]
[Result "1/2-1/2"]
[WhiteElo "2265"]
[BlackElo "2393"]

1.d4 d5 2.c4 e6 3.Nf3 Nf6 4.Nc3 c6 5.e3 Nbd7 6.Bd3 dxc4 7.Bxc4 b5 8.Bd3 a6
9.O-O c5 10.Qe2 Bb7 11.Rd1 Qb8 12.b3 Bd6 13.h3 O-O 14.Bb2 cxd4 15.Nxd4 Nc5
16.Bc2 Rc8 17.Rac1 b4 18.Na4 Nxa4 19.bxa4 Bd5 20.Bb3 Qb7 21.Bxd5 Nxd5 22.Qd3 Bf8
23.Nf3 h6 24.Ne5 Rxc1 25.Rxc1 Rc8 26.Rxc8 Qxc8 27.a3 Qc5 28.axb4 Qxb4 29.Qc2 Qc5
30.Qb3 Qb6 31.Qc2 Qc5 32.Qb3 Qb6 33.Qc2 Qb7 34.Bd4 Bd6 35.Qc6 Qxc6 36.Nxc6 f6
37.e4 Nf4 38.Kf1 e5 39.Be3 Nd3 40.Ke2 Nb2 41.a5 Kf7 42.Bc1 Na4 43.Kd3 Ke8
44.Kc4 Kd7 45.Nb4 Nc5 46.f3 Nb7 47.Nxa6 Nxa5+ 48.Kb5 Nc6 49.Be3 h5 50.g4 hxg4
51.fxg4 Nd8 52.h4 Ne6 53.Bc5 Nf4 54.Nb4 Bxc5 55.Kxc5 Ng2 56.g5 Nxh4 57.gxf6 gxf6
58.Nd5 Ke6 59.Nc7+ Kf7 60.Kc4 Kg6 61.Kd3 Ng2 62.Ke2 Kg5 63.Kf3 Ne1+ 64.Kg3 Nd3
65.Ne6+ Kg6 66.Nd8 Nc5 67.Kf3 Kg7 68.Ke3 Kf8 69.Nc6 Ke8 70.Nb4 Kf7 71.Nd5 Nd7
72.Nc3 Ke6 73.Nb5 Nf8 74.Nc7+ Kd7 75.Nd5 Nh7 76.Nc3 Kd6 77.Ne2 Kc5 78.Ng3  1/2-1/2

[Event "40th Olympiad Women"]
[Site "Istanbul TUR"]
[Date "2012.09.07"]
[Round "10.18"]
[White "Ordaz Valdes,L"]
[Black "Hund,B"]
[Result "1-0"]
[WhiteElo "2344"]
[BlackElo "2211"]

1.d4 d5 2.c4 c6 3.Nc3 Nf6 4.e3 e6 5.Nf3 Bd6 6.Qc2 Nbd7 7.Be2 O-O 8.O-O dxc4
9.Bxc4 a6 10.Rd1 Qc7 11.a3 e5 12.h3 exd4 13.exd4 Nb6 14.Ba2 Bf4 15.Re1 Qd6
16.Ne4 Nxe4 17.Qxe4 Bxc1 18.Raxc1 Nd5 19.Bxd5 cxd5 20.Qe7 Qf4 21.Qe5 Qxe5
22.Rxe5 Be6 23.Rc7 b5 24.Ng5 Rac8 25.Nxe6 fxe6 26.Rxc8 Rxc8 27.Rxe6 Rc1+
28.Kh2 Rc2 29.b4 Rxf2 30.Rxa6 Rd2 31.Ra5 Rxd4 32.Rxb5 Rd3 33.a4 Ra3 34.a5 d4
35.Rd5 d3 36.Kg1 Ra4 37.Rxd3 Rxb4 38.Ra3 Rb7 39.a6 Ra7 40.Kf2 Kf7 41.Ke3 Ke6
42.Kd4 Kd6 43.Ra2 Kc7 44.Kc5 Kb8 45.Kb6 Rf7 46.Rc2 Rf8 47.Rc6 Ka8 48.a7 Re8
49.g4 Rf8 50.g5 Rh8 51.Rc7 h6 52.g6 Re8 53.Rxg7 Re6+ 54.Kc7 Re3 55.Rg8+ Kxa7
56.g7 Rg3 57.Kd7 h5 58.h4  1-0

[Event "40th Olympiad Women"]
[Site "Istanbul TUR"]
[Date "2012.09.07"]
[Round "10.26"]
[White "Mendoza Velazquez,L"]
[Black "Avelar,G"]
[Result "1-0"]
[WhiteElo "1993"]
[BlackElo "1939"]

1.d4 d5 2.Nf3 Nf6 3.c4 c6 4.Nc3 e6 5.e3 Bd6 6.Bd3 O-O 7.O-O Nbd7 8.e4 dxe4
9.Nxe4 Nxe4 10.Bxe4 h6 11.Bc2 Nf6 12.b3 b6 13.Bb2 Bb7 14.Qd3 g6 15.Rad1 Kh7
16.g3 Rg8 17.Ne5 Qe7 18.Rfe1 Rad8 19.Qf3 c5 20.d5 Rdf8 21.Nc6  1-0

[Event "9th LGA Premium Cup"]
[Site "Nuernberg GER"]
[Date "2012.09.07"]
[Round "2.26"]
[White "Reis,G"]
[Black "Fedorovsky,M"]
[Result "0-1"]
[WhiteElo "2215"]
[BlackElo "2401"]

1.Nf3 Nf6 2.c4 e6 3.Nc3 d5 4.d4 c6 5.e3 Nbd7 6.Qc2 Bd6 7.g4 h6 8.Rg1 e5 9.cxd5 cxd5
10.g5 hxg5 11.Nxg5 e4 12.Nxd5 Nxd5 13.Qxe4+ Ne7 14.Bc4 Nf6 15.Bxf7+ Kf8 16.Qf3 Qa5+
17.Bd2 Qf5 18.Qe2 Bxh2 19.e4 Nxe4 20.Nxe4 Bxg1 21.Bb4 Qxf7 22.O-O-O Bh2 23.d5 Kg8  0-1